Welcome to CU Library Online Public Access Catalogue (OPAC)

PRINCIPLES AND TECHNIQUES OF JOURNALISM (Record no. 1697)

MARC details
000 -LEADER
fixed length control field 00381nam a22001457a 4500
005 - DATE AND TIME OF LATEST TRANSACTION
control field 20241128125052.0
008 - FIXED-LENGTH DATA ELEMENTS--GENERAL INFORMATION
fixed length control field 241128b |||||||| |||| 00| 0 eng d
050 ## - LIBRARY OF CONGRESS CALL NUMBER
Classification number PN4775
Item number AHU
100 ## - MAIN ENTRY--PERSONAL NAME
Personal name AHUJA, B. N.
245 ## - TITLE STATEMENT
Title PRINCIPLES AND TECHNIQUES OF JOURNALISM
260 ## - PUBLICATION, DISTRIBUTION, ETC.
Place of publication, distribution, etc. NEW DELHI
Name of publisher, distributor, etc. SURJEET PUBLICATIONS
Date of publication, distribution, etc. c2008
300 ## - PHYSICAL DESCRIPTION
Extent 392p
700 ## - ADDED ENTRY--PERSONAL NAME
Personal name CHHABRA, S.S
942 ## - ADDED ENTRY ELEMENTS (KOHA)
Source of classification or shelving scheme Library of Congress Classification
Koha item type Books
Suppress in OPAC No
999 ## -
-- 1697
-- 1697
Holdings
Withdrawn status Lost status Source of classification or shelving scheme Damaged status Not for loan Collection Home library Current library Shelving location Date acquired Total checkouts Full call number Barcode Date last seen Copy number Price effective from Koha item type
    Library of Congress Classification     Non-fiction Undergraduate Library (Christ Temple) Undergraduate Library (Christ Temple) General stacks 11/28/2024   PN4775 AHU ulct00000407 11/28/2024 1 11/28/2024 Books
    Library of Congress Classification     Non-fiction Undergraduate Library (Christ Temple) Undergraduate Library (Christ Temple) General stacks 11/28/2024   PN5280.5 AHU ulct00000414 11/28/2024 1 11/28/2024 Books
© 2023-2024 Copyright: Central University Libraries. All Rights Reserved | Created by: Mahone Tech Office